| 000 | 00397nam a22001697a 4500 | ||
|---|---|---|---|
| 005 | 20160511124333.0 | ||
| 008 | 160511b xxu||||| |||| 00| 0 eng d | ||
| 020 | _a7069-9897-9 | ||
| 041 | _aeng | ||
| 082 | _b1284 | ||
| 100 |
_aPandey Im _9247 |
||
| 245 | _aManagement Accounting | ||
| 260 |
_bVikas Publishing house Pvt. Ltd. _c1994 |
||
| 300 | _a607 | ||
| 650 |
_aManagement _9241 |
||
| 942 | _cBK | ||
| 999 |
_c552 _d552 |
||